All Goalscorers From Croatia in World Cup and Euros Ever - Statistics

General Stats
  • This quiz has been taken 42 times
  • The average score is 22 of 32
Answer Stats
When did they score Number of Goals Footballer % Correct
Euro 2008, Euro 2016, World Cup 2018, Euro 2020 5 Luka Modrić
100%
World Cup 2014, Euro 2016, World Cup 2018, Euro 2020, World Cup 2022 10 Ivan Perišić
97%
Euro 2016, World Cup 2018 2 Ivan Rakitić
97%
Euro 2012, World Cup 2014, World Cup 2018 8 Mario Mandžukić
97%
Euro 1996, World Cup 1998 9 Davor Šuker
90%
Euro 2004, World Cup 2006 2 Niko Kovač
90%
World Cup 2018, World Cup 2022 4 Andrej Kramarić
87%
World Cup 2018 1 Ante Rebić
87%
World Cup 2018 1 Domagoj Vida
87%
World Cup 2022 1 Bruno Petković
83%
World Cup 2022 1 Joško Gvardiol
80%
World Cup 2022 1 Marko Livaja
77%
Euro 2020, World Cup 2022 2 Mislav Oršić
77%
World Cup 2006, Euro 2008 2 Darijo Srna
73%
Euro 2020 1 Nikola Vlašić
73%
World Cup 1998 2 Robert Prosinečki
73%
World Cup 2002, Euro 2008, World Cup 2014 3 Ivica Olić
70%
World Cup 2018 1 Milan Badelj
70%
World Cup 2022 1 Lovro Majer
67%
World Cup 1998 1 Robert Jarni
63%
Euro 2004 1 Dado Pršo
60%
Euro 2020 1 Mario Pašalić
60%
Euro 2016 1 Nikola Kalinić
60%
Euro 1996 1 Zvonimir Boban
60%
Euro 1996, World Cup 1998 2 Goran Vlaović
50%
Euro 2004 1 Igor Tudor
50%
Euro 2008 2 Ivan Klasnić
47%
World Cup 2002, Euro 2004 2 Milan Rapaić
47%
(OWN GOAL) World Cup 2014 1 Marcelo
43%
World Cup 1998 1 Mario Stanić
40%
Euro 2012 1 Nikica Jelavić
33%
(OWN GOAL) Euro 2020 1 Pedri
30%
No matching quizzes found
Score Distribution
Percent of People with Each Score
Percentile by Number Answered
Your Score History
You have not taken this quiz